000 00438nam a2200169Ia 4500
008 230711s9999||||xx |||||||||||||| ||und||
041 _aENG
082 _a621.3824
_bKR-A
100 _aKraus, John D
245 0 _aAntenna for all applications
250 _a3rd Ed.
260 _c2006
_aNew Delhi
_bTata McGraw Hill Education Limited
300 _a962
650 _aElectronics Engineering
700 _aMarhefka,Ronald J.
942 _cBK
999 _c4539
_d4539